000
00319nam a2200145Ia 4500
100
_a
Zurawski/Richard
650
_a
Embedded
942
_c
RB
366
_f
20
245
_a
Embedded sytems design and verification
260
_b
CRC Press
_c
2009
082
_a
3.3
_b
ZUR
546
_a
ENGLISH
_c
PAMPHALETS
999
_c
24653
_d
24653